Регионална библиотека "Любен Каравелов" - Русе

Да създадеш театър (Запис номер 82201)

MARC детайли
000 -Лидер
Контролно поле с фиксирана дължина 02056nam a2200481 a 4500
003 - Код на организацията, давaща контролен номер
Контролно поле BLK
005 - Дата и час на последна редакция
Контролно поле 20231216155740.0
008 - Елементи от данни с фиксирана дължина
fixed length control field 180408b bul|||||r ||||||| ||bul||
010 ## - Наследен системен номер
LC control number KNG00086723000
020 ## - Международен стандартен номер на книга ISBN
Международен стандартен номер на книга ISBN 978-954-527-416-9
040 ## - Източник на каталожния запис
Идентификатор на билиотеката - собственик на записа BLK
041 ## - Код за език
Код за езика на текст/звукозапис или на отделно заглавие Български
Код за езика КДБФ Български
072 #7 - Код за тематичната категория
Код организация bullib
Код за тематична категория К
Текст Краезнание
080 ## - УДК
Текстов определител УДК История на театъра. Периоди и стилове
УДК код - определител по УДК 792.03
УДК определител (497.2)(091)
УДК - код + определител 792.03(497.2)(091)
080 ## - УДК
Текстов определител УДК Драматични театри. Театри за драма и комедия. Вж и 82-2
УДК код - определител по УДК 792.2
УДК определител .071(497.2)(092)
УДК - код + определител 792.2.071(497.2)(092)
100 1# - Редна дума - Автор
Автор Кортенски, Стефан Иванов
Авторска отговорност първи автор
R(LIN) 300425
139 ## - Редно поле
Редна дума Кортенски, Стефан Иванов
Авторски знак Кор - К 85
245 10 - Сведения за заглавието
Заглавие Да създадеш театър
Подзаглавни данни Историографски сб.
Редно поле (дума) Стефан Кортенски; състав. Мирослава Стефанова Кортенска.
257 ## - Страна на издаване
Страна на създаване/издаване България
260 ## - Област на издателските данни
Място на издаване, разпространение и проч. София
Име на издателя, разпространителя и проч. Дамян Яков
Година на издаване 2008
Печатница София : Симолини 94
300 ## - Физическа характеристика
Страници 198 с.
Илюстрации и др. с фотоил.
Размери/Мащаб 19Х20 см
380 ## - Жанр
Жанр Изкуство
650 #4 - Допълнително описание по предмет – тема
Основно описание – тема или топоним Театър - България - история
9 (RLIN) 260534
650 #4 - Допълнително описание по предмет – тема
Основно описание – тема или топоним Театрални постановки - България
9 (RLIN) 271079
650 #4 - Допълнително описание по предмет – тема
Основно описание – тема или топоним Актьори, български
9 (RLIN) 263862
651 #4 - Допълнително описание по предмет - топоним
Географско понятие България
9 (RLIN) 241624
653 ## - Ключова дума – ненормативна
Ключова дума български театър
653 ## - Ключова дума – ненормативна
Ключова дума история
653 ## - Ключова дума – ненормативна
Ключова дума български артисти
653 ## - Ключова дума – ненормативна
Ключова дума театрални постановки
653 ## - Ключова дума – ненормативна
Ключова дума сценични костюми
653 ## - Ключова дума – ненормативна
Ключова дума грим
659 ## - Тематичен бюлетин
Тематичен бюлетин К
700 1# - Други автори (авторска отговорност)
Лично име Кортенска, Мирослава Стефанова
Автороска отговорност (Описва отношението между автора и произведението) състав.
9 (RLIN) 370483
852 ## - Местоположение
Форматна сигнатура Цб 242053
852 ## - Местоположение
Форматна сигнатура К 792/К 85
856 4# - Електронен адрес и достъп
Електронен формат pdf - файл
Инструкция (цена за достъп) 0.00
Права за достъп disable
856 4# - Електронен адрес и достъп
Електронен формат pdf - файл
Инструкция (цена за достъп) 0.00
Права за достъп disable
999 ## - СИСТЕМНИ КОНТРОЛНИ НОМЕРА
Koha biblionumber 82201
Koha biblioitemnumber 82201
942 ## - АРТИКУЛИ
Вид на библиотечния материал Книги
Скрит в OPAC Не
Периодичен библиозапис Да
Koha issues (borrowed), all copies 1
944 ## - СЪЗДАВАНЕ И РЕДАКЦИЯ на ЗАПИСА
Създаване/Редакция Създаване
Дата на регистрацията/редакция 02.12.2008
Служител, извършил регистрацията/редакцията 30576
Статус, дата на статуса Цветомила Тодорова
944 ## - СЪЗДАВАНЕ И РЕДАКЦИЯ на ЗАПИСА
Създаване/Редакция Редакция
Дата на регистрацията/редакция 2023-05-12
Статус, дата на статуса 2023-05-12
Служител, извършил регистрацията/редакцията ир
999 ## - СИСТЕМНИ КОНТРОЛНИ НОМЕРА
Koha biblioitemnumber 82201
Наличности
Код за отписване Код за изгубен артикул Източник на класификационната схема Код за повреда Коз за рестрикции Код за отдаване Артикулен № Име на библиотеката - собственик Име на библиотеката, в която се намира в момента Статус (Текущо местоположение) Дата на вписване в системата Местоположение - отдел Цена в лева Инвентарен номер Систематично азбучна сигнатура Баркод Номер на екземпляра Цена в евро Служебна бележка Служебен тип на артикула
  Не е изгубен Universal Decimal Classification Не е повреден само за читалня ползва се в читалня 133449 Регионална библиотека "Любен Каравелов" Русе Регионална библиотека "Любен Каравелов" Русе Краезнание 2008-12-02 Краезнание 10.00 120000731805 К 792/К 85 120000731805 1 5.11 Дост: Pk Вид: Ф N: 268 Дата: 02.12.2008 Дата инв: 06.11.2017 Бележки инв: К2017 Книги
  Не е изгубен Universal Decimal Classification Не е повреден без рестрикции заемане за дома 133450 Регионална библиотека "Любен Каравелов" Русе Регионална библиотека "Любен Каравелов" Русе Отдел Изкуство - подръчен фонд 2008-12-22 Отдел Изкуство - подръчен фонд 10.00 120000732369 792.03/К 85 120000732369 2 5.11 Дост: DA Вид: А N: 16 Дата: 22.12.2008 Дата инв: 18.06.2012 Бележки инв: * Книги
  Не е изгубен Universal Decimal Classification Не е повреден без рестрикции заемане за дома 133451 Регионална библиотека "Любен Каравелов" Русе Регионална библиотека "Любен Каравелов" Русе Отдел Изкуство - подръчен фонд 2009-06-29 Отдел Изкуство - подръчен фонд 10.00 120000736526 792.03/К 85 120000736526 3 5.11 Дост: DA Вид: А N: 7 Дата: 29.06.2009 Дата инв: 05.04.2017 Бележки инв: ИП2017 Книги
  Не е изгубен Universal Decimal Classification Не е повреден само за читалня ползва се в читалня 133452 Регионална библиотека "Любен Каравелов" Русе Регионална библиотека "Любен Каравелов" Русе Хранилище 2010-02-04 Хранилище 10.00 120000741835 Цб 242053 120000741835 4 5.11 Дост: Dp Вид: Д N: 32 Дата: 29.07.2009 Книги
Vip Innovations Ltd, Rousse, Bulgaria 2025